Kybernetika /

Na minha lista:
Detalhes bibliográficos
Main Authors: Kotek, Zdeněk (Author), Vysoký, Petr (Author), Zdráhal, Zdeněk (Author)
Formato: Livro
Idioma:tcheco
Publicado em: Praha : SNTL, 1990
Tags: Adicionar Tag
Sem tags, seja o primeiro a adicionar uma tag!

MARC

LEADER 00000nam a22000003a 4500
001 stu17918
005 20150617225756.5
008 ------s1990----cs------------------cze-d
020 |a 80-03-00584-1 
040 |a STU  |b slo 
041 0 |a cze 
044 |a cs 
080 |a 621.391 
100 1 |a Kotek, Zdeněk  |4 aut 
245 1 |a Kybernetika /  |c [aut.]Kotek,Zdeněk, Vysoký,Petr, Zdráhal,Zdeněk 
260 |a Praha :  |b SNTL,  |c 1990 
300 |a 374 s :  |b Obr.,tab.,grafy,lit.,index 
700 1 |a Vysoký, Petr  |4 aut 
700 1 |a Zdráhal, Zdeněk  |4 aut 
996 |b C88231  |c C*88231  |l CCVIIIB  |s P  |a 0  |w stu17918_0001